[Event "Coupe 2000 - Finale"]
[Site "Aurec"]
[Date "2002.06.15"]
[Round "3"]
[White "Chomier, Frederic"]
[Black "Verdelli, Maximilien"]
[Result "1-0"]
[WhiteElo "2020"]
[BlackElo "1830"]
[PlyCount "95"]

1. e4 c5 2. Nc3 e6 3. g3 Nc6 4. Bg2 Nf6 5. d3 d5 6. f4 dxe4 7. Nxe4 Nxe4 8.
Bxe4 Qc7 9. Ne2 b6 10. Nc3 a6 11. O-O g6 12. Bg2 Bg7 13. Ne4 O-O 14. c3 Bb7 15.
Qe2 Rad8 16. Be3 Ne7 17. Rad1 Nd5 18. Bc1 Bc6 19. h3 Qb7 20. Kh2 Kh8 21. Ng5
Nf6 22. Nf3 h6 23. Be3 Nd5 24. Bg1 Nf6 25. d4 cxd4 26. Bxd4 Kh7 27. Ne5 Bxg2
28. Qxg2 Qxg2+ 29. Kxg2 b5 30. Bc5 Nd5 31. Rde1 Bxe5 32. fxe5 Kg7 33. Bxf8+
Kxf8 34. Kf3 Rc8 35. Re4 Ke7 36. Rd1 Rc7 37. Rdd4 Rc8 38. c4 bxc4 39. Rxc4 Rxc4
40. Rxc4 Kd7 41. a3 Nb6 42. Rf4 Ke7 43. Rb4 Nd5 44. Rb7+ Ke8 45. Ra7 Nb6 46.
Ke4 Na4 47. b4 Nc3+ 48. Kd3 1-0

[Event "Coupe 2000 - Finale"]
[Site "Aurec"]
[Date "2002.06.15"]
[Round "3"]
[White "Scandella, Thierry"]
[Black "Simon, Leopold"]
[Result "0-1"]
[WhiteElo "2100"]
[BlackElo "2010"]
[PlyCount "64"]

1. d4 d5 2. Nf3 Nf6 3. c4 e6 4. Nc3 Bb4 5. e3 c6 6. Bd2 O-O 7. a3 Bxc3 8. Bxc3
dxc4 9. Bxc4 Nd5 10. O-O Nxc3 11. bxc3 b6 12. Qe2 Bb7 13. Rfd1 Qc7 14. Rac1 Nd7
15. Bb3 c5 16. Ba4 Bc6 17. Bxc6 Qxc6 18. Qc2 Rac8 19. Qb2 Rfd8 20. c4 Nf6 21.
Qb5 Qxb5 22. cxb5 Kf8 23. Kf1 cxd4 24. Nxd4 Rxc1 25. Rxc1 Rd7 26. Ke2 Ne4 27.
f3 Nc5 28. Nc6 Ke8 29. Rd1 Rxd1 30. Kxd1 a5 31. Kd2 f6 32. e4 Nb7 0-1

[Event "Coupe 2000 - Finale"]
[Site "Aurec"]
[Date "2002.06.15"]
[Round "3"]
[White "Budima, Muharem"]
[Black "Kousnetsoff, Dimitri"]
[Result "1-0"]
[WhiteElo "2080"]
[BlackElo "2070"]
[PlyCount "73"]

1. d4 Nf6 2. c4 g6 3. Nc3 Bg7 4. e4 d6 5. h3 O-O 6. f4 c6 7. g4 Na6 8. Nf3 Nd7
9. Be3 Qa5 10. a3 c5 11. Bd2 Qd8 12. d5 Nc7 13. Bd3 e6 14. Qc2 a6 15. a4 Rb8
16. O-O exd5 17. exd5 Nf6 18. Kg2 b5 19. b3 Re8 20. Rae1 bxc4 21. bxc4 a5 22.
Rxe8+ Nfxe8 23. Rf2 Na6 24. Nb5 Nb4 25. Bxb4 cxb4 26. f5 Bd7 27. fxg6 hxg6 28.
h4 Bxg4 29. Ng5 Rb7 30. Bxg6 fxg6 31. Qxg6 Nf6 32. Nd4 Bh5 33. Qf5 Qe8 34. Nde6
Qg6 35. Qf4 Rd7 36. Kh1 Ng4 37. Qf8+ 1-0

[Event "Coupe 2000 - Finale"]
[Site "Aurec"]
[Date "2002.06.15"]
[Round "3"]
[White "Nowocien, Anthony"]
[Black "Simon, Christian"]
[Result "1-0"]
[WhiteElo "1870"]
[BlackElo "1880"]
[PlyCount "31"]

1. e4 c5 2. c3 d5 3. exd5 Qxd5 4. d4 Nc6 5. Nf3 cxd4 6. cxd4 Bg4 7. Nc3 Bxf3 8.
gxf3 Qa5 9. d5 O-O-O 10. Bd2 Nd4 11. Nb5 Qb6 12. Rc1+ Kd7 13. Nxd4 Qxd4 14.
Bb5+ Kd6 15. Qb3 Qxd5 16. Bf4+ 1-0

[Event "Coupe 2000 - Finale"]
[Site "Aurec"]
[Date "2002.06.15"]
[Round "3"]
[White "Blanchard, David"]
[Black "Pantioukhine, Slava"]
[Result "0-1"]
[WhiteElo "1680"]
[BlackElo "1810"]
[PlyCount "82"]

1. d4 Nf6 2. c4 e6 3. Nc3 Bb4 4. Bg5 c5 5. e3 Qa5 6. Qc2 Ne4 7. Qxe4 Bxc3+ 8.
Kd1 Bxb2 9. Rb1 cxd4 10. Rxb2 Qxg5 11. Nf3 Qa5 12. Nxd4 Nc6 13. Nb5 O-O 14. Bd3
f5 15. Qh4 Ne5 16. Bc2 a6 17. Nd6 Qa3 18. Rb6 Nc6 19. Nxc8 Raxc8 20. g4 Qxa2
21. gxf5 exf5 22. Rg1 Qa1+ 23. Rb1 Qf6 24. Qxf6 Rxf6 25. Rxb7 Ne5 26. Bb3 Rd6+
27. Ke2 Kf8 28. f4 Nc6 29. Ba2 Na5 30. Rb4 Rdc6 31. Rc1 d5 32. Kd3 Nxc4 33.
Bxc4 Rxc4 34. Rcxc4 dxc4+ 35. Kc3 Re8 36. Kd2 Rd8+ 37. Ke2 c3 38. Rd4 Rxd4 39.
exd4 Ke7 40. Kd3 c2 41. Kxc2 Kd6 0-1

[Event "Coupe 2000 - Finale"]
[Site "Aurec"]
[Date "2002.06.15"]
[Round "3"]
[White "Foulon, Thibaut"]
[Black "Kononov, Alexander"]
[Result "0-1"]
[WhiteElo "1900"]
[BlackElo "2240"]
[PlyCount "36"]

1. e4 Nc6 2. Nf3 d5 3. exd5 Qxd5 4. Nc3 Qa5 5. d4 Bg4 6. Be2 O-O-O 7. d5 e6 8.
Ng5 Rxd5 9. Qxd5 exd5 10. Bxg4+ f5 11. Bf3 Nf6 12. Bd2 Nd4 13. O-O-O Nxf3 14.
Nxf3 c6 15. Rhe1 Bc5 16. Be3 Bb4 17. Bd2 Ne4 18. Nxe4 fxe4 0-1

[Event "Coupe 2000 - Finale"]
[Site "Aurec"]
[Date "2002.06.15"]
[Round "3"]
[White "Perrin, Marc"]
[Black "Gomard, Alexandre"]
[Result "1-0"]
[WhiteElo "2096"]
[BlackElo "1840"]
[PlyCount "103"]

1. f4 d5 2. b3 c5 3. Bb2 Bf5 4. e3 e6 5. Nf3 Nf6 6. Bb5+ Nbd7 7. O-O Be7 8. Be2
Ne4 9. d3 Bf6 10. Ne5 Nd6 11. Nd2 Rc8 12. Rb1 Qb6 13. Nxd7 Kxd7 14. Bxf6 gxf6
15. c4 d4 16. e4 Bg6 17. Qe1 Qd8 18. b4 h6 19. bxc5 Rxc5 20. Nb3 Rc6 21. Nxd4
Ra6 22. c5 Nxe4 23. dxe4 Bxe4 24. Bb5+ Kc8 25. Qxe4 f5 26. Qe3 Rxa2 27. Rfd1
Rg8 28. Nf3 Rgxg2+ 29. Kh1 Qg8 30. Rg1 Qg4 31. Qd3 a6 32. Bd7+ Kb8 33. Qf1 Raf2
34. Qxf2 Rxf2 35. Rxg4 fxg4 36. Ne5 Rxf4 37. c6 b5 38. Nd3 Rc4 39. Nb4 Ka7 40.
Nd3 Rc3 41. Ne5 h5 42. Nxf7 Kb6 43. Nd8 e5 44. Ne6 Rxc6 45. Bxc6 Kxc6 46. Kg2
a5 47. Ng7 Kc5 48. Nxh5 Kc4 49. Nf6 a4 50. Nxg4 e4 51. Ne3+ Kd3 52. Kf2 1-0

[Event "Coupe 2000 - Finale"]
[Site "Aurec"]
[Date "2002.06.15"]
[Round "3"]
[White "Le Basnier, Yoann"]
[Black "Forget, Cyril"]
[Result "0-1"]
[WhiteElo "1630"]
[BlackElo "1940"]
[PlyCount "62"]

1. e4 c5 2. Nf3 d6 3. Nc3 Nc6 4. d4 cxd4 5. Nxd4 Nf6 6. h3 g6 7. Be3 Bg7 8. Qd2
O-O 9. Nb3 Bd7 10. Bh6 Rc8 11. Bxg7 Kxg7 12. Be2 Na5 13. g4 Nc4 14. Bxc4 Rxc4
15. f3 Bc6 16. O-O-O b5 17. Nd4 Qb6 18. Nb3 a5 19. g5 Nd7 20. Nd5 Bxd5 21. Qxd5
Rfc8 22. Qd2 Ne5 23. Rhf1 a4 24. Nd4 Rb4 25. b3 Nc4 26. Qc3 e5 27. Nf5+ gxf5
28. exf5 Qe3+ 29. Qxe3 Nxe3 30. Rxd6 Rxc2+ 31. Kb1 axb3 0-1

[Event "Coupe 2000 - Finale"]
[Site "Aurec"]
[Date "2002.06.15"]
[Round "3"]
[White "Groz, Jacky"]
[Black "Thorel, Gregoire"]
[Result "0-1"]
[WhiteElo "2050"]
[BlackElo "1720"]
[PlyCount "53"]

1. e4 e5 2. Nc3 Bc5 3. Bc4 d6 4. Nf3 Bg4 5. h3 Bh5 6. d3 Nc6 7. g4 Bg6 8. Bg5
Nge7 9. Nh4 Qd7 10. Nf5 Bxf5 11. gxf5 h6 12. Bh4 Na5 13. Bb3 c6 14. Rg1 Nxb3
15. axb3 O-O-O 16. Rxg7 Rhg8 17. Rxg8 Rxg8 18. Kf1 Nxf5 19. exf5 Qxf5 20. Ra4
Qxh3+ 21. Ke2 b5 22. Re4 f5 23. Bg3 fxe4 24. Nxe4 Qg4+ 25. f3 Qh3 26. Qf1 Qxf1+
27. Kxf1 0-1

[Event "Coupe 2000 - Finale"]
[Site "Aurec"]
[Date "2002.06.15"]
[Round "3"]
[White "Denisart, Anthony"]
[Black "Troubat, Michael"]
[Result "0-1"]
[WhiteElo "2099"]
[BlackElo "1890"]
[PlyCount "50"]

1. e4 e6 2. Nf3 d5 3. e5 c5 4. b4 cxb4 5. d4 Nc6 6. a3 Qa5 7. Bd2 Qb6 8. Be3
bxa3 9. Nbd2 Bb4 10. Qc1 Bc3 11. Qxa3 Bxa1 12. Qxa1 Nge7 13. c3 a5 14. Bd3 Bd7
15. O-O Qc7 16. Rb1 Rb8 17. c4 Nb4 18. Be2 Nf5 19. Rc1 Bc6 20. cxd5 Nxd5 21.
Nc4 a4 22. g4 Nfxe3 23. fxe3 O-O 24. Qb1 Qd7 25. e4 Nf4 0-1

[Event "Coupe 2000 - Finale"]
[Site "Aurec"]
[Date "2002.06.15"]
[Round "3"]
[White "Baas, Laurent"]
[Black "Soyez, Cyril"]
[Result "1/2-1/2"]
[WhiteElo "1930"]
[BlackElo "2070"]
[PlyCount "63"]

1. e4 c5 2. Nf3 d6 3. Bb5+ Bd7 4. Bxd7+ Qxd7 5. c4 e5 6. Nc3 g6 7. O-O Bg7 8.
d3 Ne7 9. a3 O-O 10. b4 Nbc6 11. Rb1 f5 12. Bg5 f4 13. Bxe7 Nxe7 14. Nd5 h6 15.
Nd2 Kh7 16. Nxe7 Qxe7 17. f3 Bf6 18. Rb3 Rg8 19. Nb1 Rg7 20. Nc3 g5 21. Nd5 Qe6
22. Nc3 Rag8 23. Nd5 b6 24. Rb2 Bd8 25. Qe2 g4 26. Ra1 Qf7 27. Rf1 Qh5 28. bxc5
dxc5 29. Nc3 Bh4 30. Nd5 Kh8 31. fxg4 Rxg4 32. Qf3 1/2-1/2

[Event "Coupe 2000 - Finale"]
[Site "Aurec"]
[Date "2002.06.15"]
[Round "3"]
[White "Feller, Sebastien"]
[Black "Troubat, Nicolas"]
[Result "1-0"]
[WhiteElo "2080"]
[BlackElo "1800"]
[PlyCount "45"]

1. e4 d6 2. Nc3 Nf6 3. f4 g6 4. Nf3 Bg7 5. Bc4 O-O 6. d3 c6 7. O-O b5 8. Bb3
Na6 9. Qe1 Nc5 10. Qh4 Nxb3 11. axb3 Bg4 12. f5 Bxf3 13. Rxf3 Nd7 14. Rh3 Nf6
15. Bh6 Qb6+ 16. Kh1 a5 17. Bxg7 Kxg7 18. Qh6+ Kg8 19. e5 dxe5 20. Ne4 Nh5 21.
Ng5 Nf6 22. Nxh7 Ng4 23. Nf6+ 1-0

[Event "Coupe 2000 - Finale"]
[Site "Aurec"]
[Date "2002.06.15"]
[Round "3"]
[White "Viallat, Gilles"]
[Black "Iglesias, Joachim"]
[Result "0-1"]
[WhiteElo "1800"]
[BlackElo "1970"]
[PlyCount "46"]

1. e4 e5 2. Nf3 Nc6 3. Bb5 Nf6 4. Bxc6 dxc6 5. d3 Bc5 6. O-O Bg4 7. Be3 Bb6 8.
Nbd2 O-O 9. h3 Bh5 10. Qe1 Qe7 11. Bxb6 axb6 12. a3 Bxf3 13. Nxf3 Nh5 14. g3 f5
15. exf5 Rxf5 16. Kg2 Raf8 17. Nd2 Qg5 18. Ne4 Qg6 19. Qe3 h6 20. Kh2 Rf3 21.
Qe2 Qf5 22. Rae1 g5 23. Rg1 Nf4 0-1

[Event "Coupe 2000 - Finale"]
[Site "Aurec"]
[Date "2002.06.15"]
[Round "3"]
[White "Perrichon, Jim"]
[Black "Roussiere, Christophe"]
[Result "1-0"]
[WhiteElo "2140"]
[BlackElo "2050"]
[PlyCount "53"]

1. d4 Nf6 2. Nf3 g6 3. g3 Bg7 4. Bg2 d5 5. c4 O-O 6. cxd5 Nxd5 7. e4 Nb6 8. h3
c5 9. dxc5 Qxd1+ 10. Kxd1 Na4 11. Kc2 Nc6 12. Nc3 Nxc5 13. Be3 Nb4+ 14. Kb1
Nba6 15. Nd4 e5 16. Ndb5 f5 17. b4 Ne6 18. a3 f4 19. Bxa7 fxg3 20. fxg3 Nd4 21.
Bxd4 exd4 22. Nd5 Bd7 23. Nd6 Rf2 24. Ra2 Raf8 25. Rxf2 Rxf2 26. Rf1 Rxg2 27.
Ne7+ 1-0

[Event "Coupe 2000 - Finale"]
[Site "Aurec"]
[Date "2002.06.15"]
[Round "3"]
[White "Gacogne, Charlie"]
[Black "Miannay, Michel"]
[Result "1-0"]
[WhiteElo "1950"]
[BlackElo "1790"]
[PlyCount "57"]

1. e4 c5 2. Nc3 d6 3. g3 Nc6 4. Bg2 Nf6 5. d3 g6 6. Nge2 Bg7 7. O-O O-O 8. h3
e6 9. Be3 a6 10. Qd2 Re8 11. Bh6 Bh8 12. Nd1 Rb8 13. Ne3 b5 14. f4 Qb6 15. Kh2
Nd7 16. c3 f5 17. exf5 Nf6 18. fxg6 hxg6 19. Rae1 Rb7 20. Bg5 Rh7 21. Ng1 Ne7
22. Nf3 Bb7 23. Bxf6 Bxf6 24. Ng4 Kf7 25. Nxf6 Kxf6 26. Ng5 Rhh8 27. Rxe6+ Kg7
28. Rfe1 Qd8 29. Bxb7 1-0

[Event "Coupe 2000 - Finale"]
[Site "Aurec"]
[Date "2002.06.15"]
[Round "3"]
[White "Fozzani, Emmanuel"]
[Black "Litolff, Paul"]
[Result "0-1"]
[WhiteElo "1870"]
[BlackElo "1920"]
[PlyCount "108"]

1. Nf3 c5 2. e4 e6 3. g3 Nc6 4. Bg2 Nf6 5. d3 d6 6. O-O Be7 7. Nc3 a6 8. Ne1 e5
9. f4 Nd4 10. f5 b5 11. h3 b4 12. Ne2 Nc6 13. g4 h6 14. c4 a5 15. Nf3 a4 16.
Ng3 g6 17. fxg6 fxg6 18. Nh4 Rg8 19. Bxh6 Nxg4 20. hxg4 Bxh4 21. Qf3 Be6 22.
Ne2 Bg5 23. Qf8+ Kd7 24. Qxd8+ Bxd8 25. g5 Be7 26. Rf3 Bg4 27. Bh3 Bxh3 28.
Rxh3 Nd8 29. Rf1 Ne6 30. Rg3 Rh8 31. Kg2 Rh7 32. Ng1 a3 33. b3 Nd4 34. Nh3 Ke6
35. Re3 Rf7 36. Nf2 Rf4 37. Rg3 Ra7 38. Re3 Bd8 39. Ree1 Raf7 40. Re3 Be7 41.
Rg3 Nxb3 42. axb3 a2 43. Ra1 Rxf2+ 44. Kh3 Rb2 45. Rg2 Rxb3 46. Raxa2 Rf3+ 47.
Kh2 Rbxd3 48. Bg7 Rd4 49. Ra8 Rxc4 50. Rga2 Rxe4 51. Bf6 Bxf6 52. gxf6 Rxf6 53.
Re8+ Kd5 54. Rd2+ Rd4 0-1

[Event "Coupe 2000 - Finale"]
[Site "Aurec"]
[Date "2002.06.15"]
[Round "3"]
[White "Pacchioni, Fabien"]
[Black "Viossat, Cyrille"]
[Result "0-1"]
[WhiteElo "1830"]
[BlackElo "1960"]
[PlyCount "96"]

1. e4 c5 2. Nf3 Nc6 3. d4 cxd4 4. Nxd4 g6 5. Bc4 Bg7 6. Nxc6 bxc6 7. Qf3 e6 8.
O-O Ne7 9. Nc3 O-O 10. Bf4 d5 11. exd5 cxd5 12. Bb3 Bb7 13. Rad1 Qb6 14. Na4
Qc6 15. c3 Ba6 16. Rfe1 Bb5 17. c4 Bxa4 18. cxd5 Nxd5 19. Rc1 Qb5 20. Bxd5 Qxd5
21. Qg3 Rac8 22. b3 Rxc1 23. Rxc1 Rd8 24. h4 Bb5 25. a4 Ba6 26. b4 Qh5 27. Rc7
Qd1+ 28. Kh2 Rd7 29. Rc1 Qxa4 30. h5 Qb5 31. hxg6 Qh5+ 32. Kg1 Rd1+ 33. Rxd1
Qxd1+ 34. Kh2 Qh5+ 35. Kg1 hxg6 36. Bd6 Qd5 37. Bc5 Be5 38. f4 Bd4+ 39. Bxd4
Qxd4+ 40. Kh2 Qxb4 41. Qg5 Qd4 42. Qg3 Bb7 43. f5 Qd5 44. Qb8+ Kg7 45. f6+ Kxf6
46. Qh8+ Ke7 47. Qh4+ g5 48. Qb4+ Qd6+ 0-1

[Event "Coupe 2000 - Finale"]
[Site "Aurec"]
[Date "2002.06.15"]
[Round "3"]
[White "Le Corre, Benjamin"]
[Black "Rauzieres, William"]
[Result "1-0"]
[WhiteElo "2090"]
[BlackElo "2020"]
[PlyCount "77"]

1. e4 c5 2. Nc3 Nc6 3. g3 g6 4. Bg2 Bg7 5. d3 d6 6. f4 e6 7. Nf3 Nge7 8. O-O
O-O 9. Be3 Rb8 10. Qd2 b5 11. Nd1 a5 12. Rb1 Qc7 13. Nf2 Bb7 14. f5 exf5 15.
Bh6 Rfe8 16. Bxg7 Kxg7 17. Nh4 Bc8 18. exf5 Nxf5 19. Nxf5+ Bxf5 20. Qg5 Nd4 21.
g4 h6 22. Qh4 g5 23. Qh3 Bg6 24. Ne4 Ne2+ 25. Kh1 Nf4 26. Qg3 d5 27. Nc3 Qd7
28. Rxf4 gxf4 29. Qxf4 d4 30. Nd5 Qd8 31. Rf1 Qg5 32. Qc7 Rbc8 33. Qxa5 Re2 34.
Nf4 Rxc2 35. Qxb5 Qxg4 36. Bh3 Qh4 37. Qd7 Rf8 38. Nxg6 Kxg6 39. Qd6+ 1-0

[Event "Coupe 2000 - Finale"]
[Site "Aurec"]
[Date "2002.06.15"]
[Round "3"]
[White "Campo, Alain"]
[Black "Stankovic, Serge"]
[Result "1-0"]
[WhiteElo "1820"]
[BlackElo "2089"]
[PlyCount "129"]

1. e4 c5 2. Nf3 Nc6 3. d4 cxd4 4. Nxd4 Nf6 5. Nc3 e5 6. Ndb5 d6 7. Bg5 a6 8.
Bxf6 gxf6 9. Na3 b5 10. Nd5 f5 11. Bd3 Be6 12. c3 Bg7 13. O-O O-O 14. f3 f4 15.
Nc2 Rc8 16. Ncb4 Nxb4 17. Nxb4 a5 18. Nd5 Bxd5 19. exd5 Kh8 20. Bxb5 Qb6+ 21.
Kh1 Qxb5 22. Qd2 a4 23. Rac1 Rc5 24. Rfd1 Rb8 25. Rc2 Qc4 26. a3 Rbb5 27. Rcc1
Rxd5 28. Qc2 Rxd1+ 29. Rxd1 Qb3 30. Qd2 Bf8 31. Qd3 Kg8 32. Rd2 Rb8 33. h4 Qe6
34. Qe4 Qf6 35. Kg1 Qxh4 36. Re2 Re8 37. Qxa4 Re6 38. Qd7 Rg6 39. b4 Qg3 40.
Qf5 Rg5 41. Qc2 Rh5 42. Rf2 Qh2+ 43. Kf1 Qh1+ 44. Ke2 Qa1 45. a4 Rh1 46. b5
Qe1+ 47. Kd3 Qe3+ 48. Kc4 Rc1 49. Qd2 Rxc3+ 50. Qxc3 Qxf2 51. Kd5 Qa2+ 52. Qc4
Qd2+ 53. Kc6 Qa5 54. b6 Be7 55. Qb5 Qa8+ 56. b7 Qb8 57. Kd5 Bd8 58. Qc6 Bc7 59.
Qa6 Kf8 60. Qa8 Ke7 61. Kc6 Ke6 62. a5 d5 63. a6 Bd6 64. Qxb8 Bxb8 65. Kb6 1-0

[Event "Coupe 2000 - Finale"]
[Site "Aurec"]
[Date "2002.06.15"]
[Round "3"]
[White "Le Goff, Francois-Xavier"]
[Black "Razafison, Ulrich"]
[Result "1-0"]
[WhiteElo "1910"]
[BlackElo "1499"]
[PlyCount "95"]

1. e4 c5 2. Nf3 e6 3. d4 cxd4 4. Nxd4 Nc6 5. Nb5 d6 6. Bf4 e5 7. Be3 a6 8. N5c3
Nf6 9. Bg5 Be7 10. Nd2 Be6 11. Bc4 O-O 12. Bxf6 Bxf6 13. Bxe6 fxe6 14. Nc4 Bh4
15. O-O Nd4 16. Ne2 b5 17. Ne3 Nxe2+ 18. Qxe2 d5 19. Qg4 Qf6 20. g3 d4 21. Qxh4
Qxh4 22. gxh4 dxe3 23. fxe3 Rac8 24. c3 Rc4 25. Rad1 Rxe4 26. Rxf8+ Kxf8 27.
Kg2 Ke7 28. Rg1 Kf6 29. Rd1 Rxh4 30. Kg3 Re4 31. Kf3 Ra4 32. a3 Rc4 33. Rd6 Ra4
34. e4 a5 35. Rb6 b4 36. cxb4 axb4 37. axb4 Ra2 38. b5 Rxb2 39. h3 Rb3+ 40. Kg2
Re3 41. Rb8 Rxe4 42. b6 Rb4 43. b7 Kg5 44. Kg3 h5 45. h4+ Kg6 46. Kf3 Kf7 47.
Ke3 Ke7 48. Rg8 1-0

[Event "Coupe 2000 - Finale"]
[Site "Aurec"]
[Date "2002.06.15"]
[Round "3"]
[White "Parnet, Arnaud"]
[Black "Valjan, Berislav"]
[Result "0-1"]
[WhiteElo "1910"]
[BlackElo "1730"]
[PlyCount "102"]

1. c4 c5 2. Nc3 Nc6 3. Nf3 Nf6 4. g3 a6 5. Bg2 e6 6. O-O Be7 7. d4 cxd4 8. Nxd4
O-O 9. b3 Bc5 10. Nf3 Bb4 11. Bb2 Qc7 12. e3 Rd8 13. Ne2 Be7 14. Qc2 Nb4 15.
Qb1 h6 16. a3 Nc6 17. Qc2 b6 18. Rfd1 Bb7 19. Rac1 d6 20. Nc3 Rd7 21. Rd2 Rad8
22. Rcd1 Na5 23. Ne2 e5 24. Nc1 Be4 25. Qc3 Qc6 26. Ne1 Bxg2 27. Nxg2 Ne4 28.
Qc2 Nxd2 29. Rxd2 Rc7 30. Qd3 Bf6 31. e4 Nb7 32. Qe2 Nc5 33. Rd5 Qd7 34. f4 Qe7
35. f5 Bg5 36. Qg4 Qf6 37. Qd1 Nxe4 38. g4 Rc5 39. Rd3 Rc6 40. Ne2 Nc5 41. Rd5
Rdc8 42. Ng3 g6 43. Ne2 gxf5 44. gxf5 Ne4 45. Qf1 b5 46. Ng3 Nxg3 47. hxg3 bxc4
48. b4 c3 49. Bc1 Bxc1 50. Qxc1 c2 51. g4 Qg5 0-1

[Event "Coupe 2000 - Finale"]
[Site "Aurec"]
[Date "2002.06.15"]
[Round "3"]
[White "Chabas, Jean-Luc"]
[Black "Neto, Jeremy"]
[Result "0-1"]
[WhiteElo "1710"]
[BlackElo "2240"]
[PlyCount "64"]

1. e4 Nf6 2. e5 Nd5 3. c4 Nb6 4. d4 d6 5. f4 g6 6. Nf3 Bg7 7. Nc3 O-O 8. Be3
dxe5 9. fxe5 Nc6 10. Bd3 Nb4 11. O-O Nxd3 12. Qxd3 Bf5 13. Qd2 Qc8 14. c5 Nd7
15. Bf4 c6 16. Qe3 Rd8 17. Rad1 b6 18. b4 a5 19. a3 axb4 20. axb4 Bc2 21. Rd2
Bb3 22. d5 cxd5 23. Nxd5 Bxd5 24. Rxd5 e6 25. Rd2 bxc5 26. bxc5 Bf8 27. Kh1
Nxc5 28. Rc1 Rxd2 29. Qxd2 Qa6 30. Qc2 Nd3 31. Qd2 Nxc1 32. Qxc1 Qa1 0-1

[Event "Coupe 2000 - Finale"]
[Site "Aurec"]
[Date "2002.06.15"]
[Round "3"]
[White "Lacour, Marc"]
[Black "Dieudonne, Christian"]
[Result "1/2-1/2"]
[WhiteElo "1870"]
[BlackElo "2010"]
[PlyCount "121"]

1. e4 c5 2. Nf3 d6 3. Bc4 Nf6 4. d3 Bg4 5. Nbd2 e6 6. a3 Be7 7. c3 Nc6 8. Qc2
O-O 9. O-O h6 10. Ne1 Be2 11. f4 Bxf1 12. Nxf1 a6 13. Ng3 b5 14. Ba2 Qb6 15.
Nf3 Rac8 16. h3 c4+ 17. d4 e5 18. Be3 Rfe8 19. Qf2 exd4 20. Nxd4 Qb7 21. Re1
Bd8 22. Nxc6 Qxc6 23. Bb1 Rb8 24. Qc2 Bb6 25. Bxb6 Qxb6+ 26. Kh1 Qc5 27. Nf5
Re6 28. Nd4 Ree8 29. g4 Rb7 30. Qg2 Rbb8 31. Nf5 a5 32. g5 Nh5 33. gxh6 g6 34.
Qg4 Qf2 35. Rg1 Qxf4 36. Qxh5 Kh7 37. Qh4 Qxh4 38. Nxh4 Kxh6 39. Nf3 Rbc8 40.
Rg5 Rb8 41. Rd5 Red8 42. Nd4 Rb6 43. Nxb5 Rdb8 44. a4 Rd8 45. Kg2 Kg7 46. Ba2
Re8 47. Kf3 Rh8 48. Kg4 Re8 49. Bb1 Re6 50. Bc2 Rf6 51. Rd2 Kf8 52. Kg3 Ke7 53.
Rd4 Rc6 54. Bd1 Rf1 55. Be2 Rb1 56. Rd2 Kf6 57. Nxd6 Ke6 58. Nxc4 Rc5 59. Na3
Rc1 60. Nb5 Rg5+ 61. Bg4+ 1/2-1/2

[Event "Coupe 2000 - Finale"]
[Site "Aurec"]
[Date "2002.06.15"]
[Round "3"]
[White "Poirot, Eric"]
[Black "Grauffel, Mathieu"]
[Result "0-1"]
[WhiteElo "1980"]
[BlackElo "1700"]
[PlyCount "62"]

1. d4 Nf6 2. c4 e6 3. Nc3 Bb4 4. f3 d5 5. a3 Bxc3+ 6. bxc3 c6 7. Bg5 Nbd7 8. e4
Qa5 9. Qc2 dxe4 10. Bd2 exf3 11. Nxf3 O-O 12. Bd3 Re8 13. Ng5 h6 14. h4 e5 15.
O-O-O Qxa3+ 16. Kb1 b5 17. c5 b4 18. cxb4 a5 19. b5 Rb8 20. Nxf7 Kxf7 21. Bc3
e4 22. Bc4+ Kf8 23. b6 e3 24. Rdf1 Nxb6 25. cxb6 Rxb6+ 26. Bb2 Ba6 27. Bxa6
Reb8 28. Qc5+ Qxc5 29. dxc5 Rxb2+ 30. Ka1 Kg8 31. Rh3 R2b4 0-1

[Event "Coupe 2000 - Finale"]
[Site "Aurec"]
[Date "2002.06.15"]
[Round "3"]
[White "Baran, Pascal"]
[Black "Barthelemy, Jerome"]
[Result "1-0"]
[WhiteElo "1810"]
[BlackElo "1410"]
[PlyCount "43"]

1. e4 c5 2. Nc3 e6 3. f4 Nc6 4. g3 a6 5. Bg2 Qc7 6. Nf3 d6 7. O-O Nf6 8. d3 Be7
9. Nh4 O-O 10. f5 e5 11. g4 Nxe4 12. Bxe4 Bxh4 13. g5 f6 14. g6 h6 15. Qg4 Bg5
16. Rf3 Nd4 17. Rh3 Qd7 18. Bxg5 fxg5 19. Nd5 Qd8 20. Ne3 Qd7 21. Bd5+ Kh8 22.
Qxg5 1-0

[Event "Coupe 2000 - Finale"]
[Site "Aurec"]
[Date "2002.06.15"]
[Round "3"]
[White "Mialon, Franck"]
[Black "Devaux, Frederic"]
[Result "0-1"]
[WhiteElo "1280"]
[BlackElo "1770"]
[PlyCount "78"]

1. e4 e5 2. Nf3 Nc6 3. Bc4 Bc5 4. O-O Nf6 5. Nc3 O-O 6. d3 a6 7. Bg5 Be7 8. Qd2
d6 9. h3 Na5 10. Nd5 Nxc4 11. dxc4 c6 12. Nxe7+ Qxe7 13. Rae1 Qe6 14. b3 b5 15.
cxb5 cxb5 16. Nh4 Bb7 17. Qd3 Rfd8 18. Nf5 h6 19. Nxh6+ gxh6 20. Bxh6 Nxe4 21.
Rxe4 Qxh6 22. Rg4+ Kf8 23. Qg3 Ke7 24. Rh4 Qg6 25. Qh2 Rh8 26. Rg4 Qxg4 27.
hxg4 Rxh2 28. Kxh2 Rh8+ 29. Kg1 Kf6 30. f4 exf4 31. Rxf4+ Ke6 32. g5 Rg8 33.
Rg4 Kf5 34. Rg3 Rxg5 35. Rxg5+ Kxg5 36. Kf2 Kf4 37. g3+ Kg4 38. a4 bxa4 39.
bxa4 a5 0-1

[Event "Coupe 2000 - Finale"]
[Site "Aurec"]
[Date "2002.06.16"]
[Round "4"]
[White "Graillon, David"]
[Black "Scandella, Thierry"]
[Result "1/2-1/2"]
[WhiteElo "1970"]
[BlackElo "2100"]
[PlyCount "61"]

1. d4 Nf6 2. Nf3 e6 3. Bg5 h6 4. Bxf6 Qxf6 5. e4 d5 6. Nbd2 Qd8 7. Bd3 Be7 8.
O-O O-O 9. Re1 Nd7 10. c3 dxe4 11. Nxe4 b6 12. Nfd2 Bb7 13. a4 c5 14. dxc5 Nxc5
15. Nxc5 Bxc5 16. Ne4 Be7 17. Qe2 Qc7 18. Rad1 Rfd8 19. Rd2 Qc6 20. f3 a6 21.
Bc2 Rxd2 22. Qxd2 Rd8 23. Qe2 Kf8 24. Ra1 Qc7 25. Re1 Rc8 26. Bd3 a5 27. Rd1
Bc5+ 28. Nxc5 Qxc5+ 29. Kf1 Bc6 30. Bb5 Bxb5 31. axb5 1/2-1/2

[Event "Coupe 2000 - Finale"]
[Site "Aurec"]
[Date "2002.06.16"]
[Round "4"]
[White "Kousnetsoff, Dimitri"]
[Black "Testard, Philippe"]
[Result "0-1"]
[WhiteElo "2070"]
[BlackElo "1960"]
[PlyCount "74"]

1. Nf3 Nf6 2. c4 g6 3. Nc3 Bg7 4. e4 d6 5. d4 O-O 6. g3 c6 7. Bg2 Qa5 8. O-O
Bg4 9. h3 Bxf3 10. Bxf3 e5 11. Be3 Qb4 12. dxe5 dxe5 13. Qe2 Na6 14. Rac1 Rfd8
15. Bg2 b6 16. b3 Nc5 17. Rfd1 Ne6 18. Qb2 Rac8 19. a3 Qe7 20. b4 Nd4 21. Kh2
Nh5 22. b5 Nf6 23. bxc6 Rxc6 24. Nd5 Nxd5 25. cxd5 Rxc1 26. Rxc1 h5 27. h4 f5
28. Bxd4 exd4 29. exf5 gxf5 30. Rd1 f4 31. Rd3 fxg3+ 32. fxg3 Be5 33. Qd2 Qxh4+
34. Kg1 Bxg3 35. Rxg3+ Qxg3 36. Qxd4 Re8 37. Qf2 Re1+ 0-1

[Event "Coupe 2000 - Finale"]
[Site "Aurec"]
[Date "2002.06.16"]
[Round "4"]
[White "Celette, Robert"]
[Black "Nowocien, Anthony"]
[Result "1-0"]
[WhiteElo "1990"]
[BlackElo "1870"]
[PlyCount "63"]

1. c4 g6 2. d4 Bg7 3. Nf3 Nf6 4. g3 O-O 5. Bg2 d6 6. Nc3 Nc6 7. O-O a6 8. d5
Na5 9. Nd2 c5 10. a3 Qc7 11. e4 Rb8 12. Qe2 Nd7 13. f4 Bd4+ 14. Kh1 Nf6 15. h3
e6 16. g4 exd5 17. cxd5 Re8 18. Qd3 Bxg4 19. hxg4 Nxg4 20. Nd1 Qe7 21. Rb1 Be3
22. Nf3 c4 23. Qc3 Qxe4 24. Nxe3 Qxb1 25. Nxg4 Nb3 26. Nf6+ Kf8 27. Nxh7+ Ke7
28. Re1+ Kd7 29. Nf6+ Kc7 30. Qxc4+ Nc5 31. Nxe8+ Rxe8 32. Rxe8 1-0

[Event "Coupe 2000 - Finale"]
[Site "Aurec"]
[Date "2002.06.16"]
[Round "4"]
[White "Pantioukhine, Slava"]
[Black "Chomier, Frederic"]
[Result "0-1"]
[WhiteElo "1810"]
[BlackElo "2020"]
[PlyCount "66"]

1. b3 Nf6 2. Bb2 d5 3. e3 Bf5 4. Nf3 c6 5. Be2 h6 6. d4 e6 7. Nbd2 Nbd7 8. c4
Bd6 9. O-O O-O 10. a4 Qe7 11. c5 Bc7 12. Nh4 Bh7 13. f4 Ne4 14. Nhf3 Ndf6 15.
Nxe4 dxe4 16. Ne5 Nd5 17. Qd2 f6 18. Ng4 Rad8 19. Bc4 Kh8 20. Bxd5 Rxd5 21. Qe2
Bg6 22. Nf2 e5 23. Qg4 Bh7 24. fxe5 fxe5 25. Nxe4 Rxf1+ 26. Rxf1 exd4 27. Nd6
Bxd6 28. cxd6 Qxe3+ 29. Kh1 Rxd6 30. h3 Rd8 31. Rd1 c5 32. b4 b6 33. bxc5 bxc5
0-1

[Event "Coupe 2000 - Finale"]
[Site "Aurec"]
[Date "2002.06.16"]
[Round "4"]
[White "Simon, Leopold"]
[Black "Denisart, Anthony"]
[Result "1-0"]
[WhiteElo "2010"]
[BlackElo "2099"]
[PlyCount "55"]

1. d4 Nf6 2. c4 c5 3. e3 g6 4. Nc3 cxd4 5. exd4 Bg7 6. Nf3 O-O 7. Be2 d5 8. c5
Nc6 9. O-O Re8 10. Bf4 Nh5 11. Bg5 h6 12. Be3 Nf6 13. Bb5 Kh7 14. Ne5 Rf8 15.
Bxc6 bxc6 16. Nxc6 Qc7 17. Ne5 Rb8 18. b3 Ba6 19. Re1 Qc8 20. Qc2 e6 21. a3 Nd7
22. Nxd7 Qxd7 23. Bf4 Rb7 24. Be5 f6 25. Bd6 Rc8 26. b4 e5 27. dxe5 fxe5 28.
Bxe5 1-0